000 00757nam a2200217Ia 4500
001 2973
003 GE_BSU
008 181216s||||||||xx |||||||||||||| ||und||
040 _cGE_BSU
080 _a536.22+536.23(035.3)
100 _aВаргафтик,Н.Б.
245 _aСправочник по теплофизическим свойствам газов и жидкостей.
245 _cРед.В.А.Алексеев.
250 _aИзд. второе, доп. и переработанное.
260 _aМ.
260 _bНаука.
260 _c1972.
300 _a720стр.с илл.26см.
653 _aСправочник по теплофизическим свойствам газов и жидкостей.
942 _cBK
999 _c37020
_d37020